[Event "Amantea op-B 8th"]
[Site "Amantea"]
[Date "2010.09.04"]
[Round "7"]
[White "Michienzi, Marco"]
[Black "Vespe, Roccomaria Antonio"]
[Result "1-0"]
[WhiteElo "1434"]
[BlackElo "1329"]
[PlyCount "39"]
[EventDate "2010.08.29"]
[EventType "swiss"]
[EventRounds "9"]
[EventCountry "ITA"]
[SourceTitle "CBM 138 Extra"]
[Source "ChessBase"]
[SourceDate "2010.10.29"]
[SourceVersion "1"]
[SourceVersionDate "2010.10.29"]
[SourceQuality "1"]

1. d4 Nf6 2. g3 g6 3. Nf3 Bg7 4. Bg2 d6 5. 0-0 Nc6 6. Nc3 e5 7. dxe5 dxe5 8. Qxd8+ Kxd8 9. Bg5 Ke7 10. Nd5+ Kf8 11. Nxf6 Bxf6 12. Bxf6 Bf5 13. Bxh8 Ke7 14. Nxe5 Rxh8 15. Nxc6+ bxc6 16. Bxc6 Rb8 17. Ba4 Rxb2 18. Rfb1 Rxc2 19. Bxc2 Bxc2 20. Rb7 1-0